书目信息 |
| 题名: |
量子光学
|
|
| 作者: | 吉尔伯特·格林贝格 , 艾伦·爱斯派克特 , 克劳德·法布尔 著 ;乔从丰 , 李军利 , 杜琨 译 | |
| 分册: | ||
| 出版信息: | 合肥 中国科学技术大学出版社 2019.12 |
|
| 页数: | 665页 | |
| 开本: | 26cm | |
| 丛书名: | ||
| 单 册: | ||
| 中图分类: | O431.2 | |
| 科图分类: | ||
| 主题词: | 光学 | |
| 电子资源: | ||
| ISBN: | 7-312-04907-9 | |
| 000 | 00984nam0 2200253 450 | |
| 001 | 2235806875 | |
| 005 | 20220901100319.79 | |
| 010 | @a7-312-04907-9@dCNY258.00 | |
| 100 | @a20220901d2019 km y0chiy0120 ea | |
| 101 | 0 | @achi |
| 102 | @aCN@b340000 | |
| 200 | 1 | @a量子光学@ALiang Zi Guang Xue@f(法)吉尔伯特·格林贝格,艾伦·爱斯派克特,克劳德·法布尔著@F(Fa)Ji Er Bo Te·Ge Lin Bei Ge,Ai Lun·Ai Si Pai Ke Te,Ke Lao De·Fa Bu Er Zhu@g乔从丰,李军利,杜琨译@GQiao Cong Feng,Li Jun Li,Du Kun Yi |
| 210 | @a合肥@c中国科学技术大学出版社@d2019.12 | |
| 215 | @a665页@d26cm | |
| 606 | 0 | @a光学 |
| 690 | @aO431.2@v4 | |
| 701 | 0 | @a吉尔伯特·格林贝格@AJi Er Bo Te·Ge Lin Bei Ge@4著 |
| 701 | 0 | @a艾伦·爱斯派克特@AAi Lun·Ai Si Pai Ke Te@4著 |
| 701 | 0 | @a克劳德·法布尔@AKe Lao De·Fa Bu Er@4著 |
| 702 | 0 | @a乔从丰@AQiao Cong Feng@4译 |
| 702 | 0 | @a李军利@ALi Jun Li@4译 |
| 702 | 0 | @a杜琨@ADu Kun@4译 |
| 801 | 0 | @aCN@b大连网信软件有限公司图书馆·11@c20220901 |
| 905 | @aZUCC@dO431.2@e154 | |
| 量子光学/(法)吉尔伯特·格林贝格,艾伦·爱斯派克特,克劳德·法布尔著/乔从丰,李军利,杜琨译.-合肥:中国科学技术大学出版社,2019.12 |
| 665页;26cm |
| ISBN 7-312-04907-9:CNY258.00 |
| ● |
| 相关链接 |
|
|
|
|
正题名:量子光学
索取号:O431.2/154
 
预约/预借
| 序号 | 登录号 | 条形码 | 馆藏地/架位号 | 状态 | 备注 |
| 1 | 1056663 | 210566635 | 第二样本阅览室/ [索取号:O431.2/154] | 在馆 |